| 000 | 00954nam a22002177a 4500 | ||
|---|---|---|---|
| 003 | JO-AjAnu | ||
| 005 | 20231202111337.0 | ||
| 008 | 231202b jo ||||| |||| 00| 0 ara d | ||
| 040 |
_aJO-AjAnu _bARA _cJO-AjAnu _dJO-AjAnu |
||
| 041 | 0 |
_aARA _hARA |
|
| 050 |
_aHF5667. _bQ23 2000 |
||
| 100 | 1 |
_aالقاضي، حسين يوسف _964573 _eمؤلف |
|
| 245 | 0 |
_aتدقيق الحسابات الاجراءات / _cحسين يوسف القاضي، حسين احمد دحدوح |
|
| 250 | _aالطبعة الاولى | ||
| 260 |
_aعمان : _bالدار العلمية الدولية للنشر والتوزيع، دار الثقافة للنشر والتوزيع، _c2000 |
||
| 300 | _a384 صفحة | ||
| 504 | _aيحتوي على مراجع باللغتين العربية والانجليزية | ||
| 650 | 0 |
_aالمحاسبة-مراجعة الحسابات-تدقيق _964574 |
|
| 700 | 1 |
_aدحدوح، حسين احمد _964575 |
|
| 942 |
_2lcc _cBK _n0 |
||
| 999 |
_c33214 _d33214 |
||